Algunos datos sobre las actividades culturales de Agustín Velázquez Chávez /

Gespeichert in:
Bibliographische Detailangaben
1. Verfasser: Constantine Morán, Carlota (autor)
Format: Buch
Sprache:Spanisch
Veröffentlicht: México : Páginas del Siglo XX, 1973
Tags: Tag hinzufügen
Keine Tags, Fügen Sie das erste Tag hinzu!

MARC

LEADER 00000nam^a2200000^a^4500
001 000436821
005 20250526000000.0
009 20260310123204.704
037 |a Acervo ITESO - Biblioteca 
041 |a ESP 
091 |a FHM. 08235 
100 |a Constantine Morán, Carlota  |e (autor) 
245 1 0 |a Algunos datos sobre las actividades culturales de Agustín Velázquez Chávez / 
264 1 |a México :  |b Páginas del Siglo XX,  |c 1973 
300 |a 30 p. ;  |c 24.0 cm. 
336 |a texto  |b txt  |2 rdacontenido 
337 |a sin mediación  |b n  |2 rdamedio 
338 |a volumen  |b nc  |2 rdasoporte 
649 |a XX 
910 |a Fondo Hugo B. Margáin 
920 |a Impresos - Libros 
930 |a Libros Antiguos y Raros 
905 |a 126 
901 |a 0500305367  |b IT2  |c LRA  |i D109387  |u 20250526 
902 |a https://opac.biblio.iteso.mx/vufind/Record/000436821